00529 2200193 4500001002100000005001700021008004100038035002500079082001000104090001700114100002300131245004500154250001100199260003100210300003700241650002600278850001200304990001900316YOGYA-0209000002098120150629092713.0 ind  a0010-020900000020981 a642.5 a642.5bMar M aMARGANTTAN, Arcole aManajemen rumah makancArcole Marganttan aCet. 1 aYogyakartabKanisiusc2000 avii, 103 hlm. :bilus. ;c21 cm. aManajemen rumah makan aYOPDYOG a1989-BPAD/P.02